Comment se nomme ce couvre-chef ? - Statistiques

Statistiques générales
  • Ce quiz a été pris 66 fois
  • Le résultat moyen est 18 sur 30
Statistiques - réponses
Hint Réponse % Correct
Sombrero
91%
Bonnet phrygien
87%
Diadème
84%
Képi
84%
Toque
80%
Chapeau chinois
78%
Coiffe amérindienne
78%
Coiffe bigoudène
76%
Turban
76%
Ouchanka / Chapka
73%
Heaume
71%
Rastacap
71%
Bombe
69%
Haut-de-forme
69%
Keffieh
67%
Bicorne
62%
Chapeau cloche
58%
Mitre
58%
Canotier
56%
Fez
56%
Némès
56%
Cornette
49%
Tam o' Shanter
42%
Montera
40%
Durag
38%
Salako
22%
Bachi
18%
Morion
18%
Mortier
16%
Gat
13%
Aucun quiz correspondant
Distribution des résultats
% des personnes avec chaque résultat
Percentile par nombre de réponses
Votre historique - résultats
Vous n’avez pas pris ce quiz